Committee on Board of Trade, Company Law Amendment (Record no. 1035945)

MARC details
000 -LEADER
fixed length control field 00706nam a2200241Ia 4500
003 - CONTROL NUMBER IDENTIFIER
control field OSt
005 - DATE AND TIME OF LATEST TRANSACTION
control field 20221005115809.0
008 - FIXED-LENGTH DATA ELEMENTS--GENERAL INFORMATION
fixed length control field 221004b |||||||| |||| 00| 0 eng d
037 ## - SOURCE OF ACQUISITION
Terms of availability Textual
040 ## - CATALOGING SOURCE
Original cataloging agency CRL
Transcribing agency CRL
Language of cataloging eng
041 ## - LANGUAGE CODE
Source of code eng
Language code of text/sound track or separate title eng
110 ## - MAIN ENTRY--CORPORATE NAME
Corporate name or jurisdiction name as entry element Board of trade ,company law amendment(Committee on-).
9 (RLIN) 628127
245 #0 - TITLE STATEMENT
Title Committee on Board of Trade, Company Law Amendment
Remainder of title Report
260 ## - PUBLICATION, DISTRIBUTION, ETC.
Date of publication, distribution, etc. 1945
650 ## - SUBJECT ADDED ENTRY--TOPICAL TERM
Topical term or geographic name entry element LAW
700 ## - ADDED ENTRY--PERSONAL NAME
Personal name Board of trade ,company law amendment(Committee on-).
9 (RLIN) 628128
942 ## - ADDED ENTRY ELEMENTS (KOHA)
Classification part Z3:181tN45, H5-;1
Koha item type Textual
Source of classification or shelving scheme
Holdings
Withdrawn status Lost status Damaged status Not for loan Home library Current library Date acquired Total Checkouts Full call number Barcode Date last seen Price effective from Koha item type
        Central Library Central Library 2022-10-05   Z3:181tN45 H5-;1 CL0170540 2022-10-05 2022-10-05 Textual
Copyright @ Delhi University Library System